01658 2200301 4500001002100000005001500021035002000036007000300056008004100059020002200100082001000122084001900132100002200151245010100173250002700274300004200301650001600343700002800359700002900387520075800416740003901174264003701213336002101250337003001271338002301301990001601324990001601340INLIS00000000116571620250909105147 a0010-0925000018ta250909 g f ind  a978-602-6486-73-8 a895.7 aSR 895.7 LEE d0 aLee Miyeepenulis1 aDallergut 2 :btoko penjual mimpi /cLee Miye; penerjemah, Dwita Rizki; penyunting, Jia Effendie aCetakan III, Juli 2023 avi, 305 halaman :bilustrasi ;c21 cm 4aFiksi Korea0 aDwita Rizkiepenerjemah0 aJia Effendieepenyunting aPenny sudah setahun menjadi karyawan Dallergut: Toko Penjual Mimpi. Artinya, dia sudah diakui negara sebagai “Pekerja Industri Mimpi” dan berhak mendapatkan akses masuk ke Kawasan Perkantoran. Motail yang baru mendapatkan akses sangat bersemangat karena Kawasan Perkantoran merupakan tempat berkumpulnya rumah produksi mimpi. Namun, Nona Mog Berry mengatakan kalau tempat itu bisa membuat perasaan menjadi tidak nyaman. Penny jadi waswas. Kira-kira, kenapa, ya? Ternyata, Kawasan Perkantoran bukan hanya berisi perusahaan mimpi, tetapi juga Pusat Pelayanan Publik yang melayani keluhan pelanggan. Dalam kunjungan pertama Penny, Dallergut yang disibukkan dengan sebuah rahasia besar langsung meminta Penny untuk menyelesaikan Keluhan Tingkat Tiga! aDallergut dream department store 2 aTangerang Selatan :bBaca,c2023 2rdacontentateks 2rdamediaatanpa perantara 2rdacarrieravolume a56022.66842 a56022.66842